| 000 | 01060nac a22003011i 4500 | ||
|---|---|---|---|
| 003 | EG-ScBUE | ||
| 005 | 20240902124112.0 | ||
| 008 | 240902t2005 njua f bd 001 0 eng d | ||
| 020 | _a013113941X | ||
| 020 | _a9780131139411 | ||
| 040 |
_aEG-ScBUE _beng _erda _cEG-ScBUE _dEG-ScBUE |
||
| 082 | 0 | 4 |
_a510 _bSET _222 |
| 100 | 1 |
_aSetek, William M., _eauthor. |
|
| 245 | 1 | 0 |
_aFundamentals of mathematics / _cWilliam M. Setek, Jr., Monroe Community College, Michael A. Gallo, Florida Institute of Technology. |
| 250 | _aTenth edition. | ||
| 264 | 1 |
_aUpper Saddle River, N.J. : _bPearson Prentice Hall, _c[2005] |
|
| 264 | 4 | _cc2005 | |
| 300 |
_a1 volume (various pagings) : _billustrations (some color) ; _c28 cm |
||
| 336 |
_2rdacontent _atext _btxt |
||
| 337 |
_aunmediated _2rdamedia _bn |
||
| 338 |
_avolume _bnc _2rdacarrier |
||
| 500 | _aIncludes glossary. | ||
| 504 | _aIncludes bibliographical references and index. | ||
| 650 | 7 |
_aMathematics. _2BUEsh |
|
| 655 | _vReading book | ||
| 700 | 1 |
_aGallo, Michael A., _eauthor. |
|
| 942 |
_2ddc _cBB |
||
| 999 |
_c414 _d414 |
||